| 000 | 00967nac a22002537a 4500 | ||
|---|---|---|---|
| 001 | BR8203881 | ||
| 003 | BR-BrBNA | ||
| 005 | 20240105115404.0 | ||
| 008 | 230509b bl.|||m| |||| 00| 0 por d | ||
| 040 |
_aBR-BrBNA _bpor _cBiblioteca Nacional de Agricultura |
||
| 072 | _aH10; E15 | ||
| 090 | _a0430 BR8203881 | ||
| 100 | 1 | _aPimentel, C.R.M. | |
| 110 | 1 |
_aCentro Nacional de Pesquisa do Algodao, Campina Grande, PB (Brasil) _91702 |
|
| 245 | 1 | _aRetornos dos investimentos em pesquisa feitos pela EMBRAPA. Avaliacao do manejo de pragas na cultura do algodoeiro na regiao Meridional safra 1981/82 [Empresa Brasileira de Pesquisa Agropecuaria] | |
| 260 | 3 |
_aCampina Grande, PB (Brasil): _c1982. |
|
| 300 | _a8 p. | ||
| 490 |
_aDocumentos - Centro Nacional de Pesquisa do Algodao (Brazil) _vno. 12 _x |
||
| 650 | _aALGODAO | ||
| 650 | _aINVESTIMENTO | ||
| 650 | _aPESQUISA AGRICOLA | ||
| 909 |
_a202312 _bLúcia Elande _c55 _dLúcia Elande |
||
| 942 |
_2AGRIS _n0 _cMS |
||
| 999 |
_c274629 _d274629 |
||